| 000 | 00834nam a22002537a 4500 | ||
|---|---|---|---|
| 003 | NALT | ||
| 005 | 20221107095201.0 | ||
| 008 | s2013 eng d | ||
| 020 | _a9780199677627 | ||
| 040 | _aNALT | ||
| 041 | _aeng | ||
| 090 |
_aKS 51.G7 _bM39M 2013 |
||
| 100 | 1 |
_aMayson, Stephen _928885 |
|
| 245 | 1 | 0 |
_aMayson, French & Ryan on company law 2013-2014 / _cStephen Mayson, Derek French and Christopher Ryan. |
| 260 |
_aOxford : _bOxford University Press, _c2013. |
||
| 300 |
_a750 p. ; _b _c25 cm. |
||
| 650 | 0 |
_aCompany law _928887 _zGreat Britain |
|
| 650 | 0 |
_aCorporation law _918513 _zGreat Britain |
|
| 700 | 1 |
_928884 _aFrench, Derek |
|
| 700 | 1 |
_928886 _aRyan, Christopher |
|
| 850 | _aNALT | ||
| 942 |
_cLB _2local |
||
| 998 |
_bปรียานุช คลอวุฒิวัฒน์ _bphon _c101 _j104 _k นางสาวสายฝน ดีงาม |
||
| 999 |
_c71027 _d71027 |
||